[Event "Sachsen-ch U12"]
[Site "Sebnitz"]
[Date "2011.04.29"]
[Round "6"]
[White "Koch, Erik"]
[Black "Herbrig, Alexander"]
[Result "0-1"]
[WhiteElo "1148"]
[BlackElo "1298"]
[PlyCount "52"]
[EventDate "2011.04.26"]
[EventType "swiss"]
[EventRounds "7"]
[EventCountry "GER"]
[SourceTitle "EXT 2012"]
[Source "ChessBase"]
[SourceDate "2011.11.24"]
[SourceVersion "1"]
[SourceVersionDate "2011.11.24"]
[SourceQuality "1"]

1. e4 c5 2. Nf3 d6 3. c3 Nf6 4. e5 Nfd7 5. exd6 exd6 6. Bc4 Nb6 7. d3 Nxc4 8. dxc4 Be7 9. 0-0 0-0 10. Qd5 Nd7 11. Qf5 Nf6 12. Qg5 Be6 13. Qg3 Nh5 14. Qg5 Bxg5 15. Bxg5 f6 16. Be3 Bxc4 17. Re1 Re8 18. Nbd2 Bd3 19. Rac1 d5 20. Bxc5 Rxe1+ 21. Rxe1 Qc7 22. Bb4 a5 23. Ba3 Be4 24. Nxe4 dxe4 25. Rxe4 Rd8 26. g3 Qc6 0-1

[Event "Sachsen-ch U12"]
[Site "Sebnitz"]
[Date "2011.04.28"]
[Round "4"]
[White "Buschmann, Johannes"]
[Black "Koch, Erik"]
[Result "1/2-1/2"]
[WhiteElo "1101"]
[BlackElo "1148"]
[PlyCount "60"]
[EventDate "2011.04.26"]
[EventType "swiss"]
[EventRounds "7"]
[EventCountry "GER"]
[SourceTitle "EXT 2012"]
[Source "ChessBase"]
[SourceDate "2011.11.24"]
[SourceVersion "1"]
[SourceVersionDate "2011.11.24"]
[SourceQuality "1"]

1. e4 e5 2. f4 Bc5 3. Nf3 Nc6 4. fxe5 Nxe5 5. Nxe5 Qh4+ 6. g3 Qxe4+ 7. Qe2 Qxh1 8. Ng6+ Ne7 9. Nxh8 b6 10. Qg2 Bb7 11. Qxh1 Bxh1 12. Bc4 d5 13. Be2 Kf8 14. d3 Kg8 15. Nxf7 Kxf7 16. Bf4 c6 17. Nd2 Nf5 18. 0-0-0 Bg2 19. c3 Be3 20. Bxe3 Nxe3 21. Rg1 Kg8 22. Nf1 Bxf1 23. Bxf1 Rf8 24. Bh3 Rf2 25. Be6+ Kf8 26. h4 Ke7 27. Bh3 Kf6 28. Re1 Nf5 29. Bxf5 Kxf5 30. Re7 Kf6 1/2-1/2